[Event "POL-ch U18"]
[Site "Karpacz"]
[Date "2015.03.18"]
[Round "5"]
[White "Szczecina, Kamil"]
[Black "Smal, Tobiasz"]
[Result "1/2-1/2"]
[WhiteElo "2018"]
[BlackElo "2136"]
[PlyCount "103"]
[EventDate "2015.03.15"]
[EventType "swiss"]
[EventRounds "9"]
[EventCountry "POL"]
[SourceTitle "EXT 2017"]
[Source "ChessBase"]
[SourceDate "2016.10.25"]
[SourceVersion "1"]
[SourceVersionDate "2016.10.25"]
[SourceQuality "1"]

1. e4 c5 2. Nf3 d6 3. d4 cxd4 4. Nxd4 Nf6 5. Nc3 a6 6. Be2 e5 7. Nb3 Be7 8. Be3 0-0 9. 0-0 Nbd7 10. f3 Qc7 11. a4 b6 12. Nd5 Nxd5 13. exd5 f5 14. c4 a5 15. Nd2 Nc5 16. Nb1 Bd7 17. Nc3 h6 18. Ra3 Bg5 19. f4 Bxf4 20. Bxf4 exf4 21. Rxf4 Rae8 22. Nb5 Bxb5 23. axb5 Qe7 24. Bh5 Qe5 25. Raf3 Re7 26. Qf1 Qxb2 27. Rxf5 Qd4+ 28. Kh1 Rxf5 29. Rxf5 Kh7 30. h3 Qh4 31. Kh2 Re3 32. Qf2 Qxf2 33. Rxf2 a4 34. Rf8 a3 35. Ra8 Nb7 36. Ra4 Na5 37. Bg4 Kg6 38. c5 dxc5 39. d6 Rd3 40. d7 h5 41. Rxa3 Rd6 42. Rxa5 hxg4 43. Ra6 Rxd7 44. Rxb6+ Kg5 45. Rc6 Rd5 46. b6 c4 47. Rxc4 Rb5 48. Rc7 g6 49. b7 Rb2 50. hxg4 Kxg4 51. Rf7 Rb1 52. Rc7 1/2-1/2

[Event "POL-chT U19 2nd League"]
[Site "Szczyrk"]
[Date "2014.07.31"]
[Round "9.109"]
[White "Szczecina, Kamil"]
[Black "Kruszynski, Krzysztof"]
[Result "1/2-1/2"]
[WhiteElo "1889"]
[BlackElo "1675"]
[PlyCount "103"]
[EventDate "2014.07.25"]
[EventType "team-swiss"]
[EventRounds "11"]
[EventCountry "POL"]
[SourceTitle "EXT 2015"]
[Source "ChessBase"]
[SourceDate "2014.11.20"]
[SourceVersion "1"]
[SourceVersionDate "2014.11.20"]
[SourceQuality "1"]
[WhiteTeam "Chorzow ChTS U19"]
[BlackTeam "Belchatow LKS Stomil U19"]
[WhiteTeamCountry "POL"]
[BlackTeamCountry "POL"]

1. Nf3 Nf6 2. g3 g6 3. Bg2 Bg7 4. 0-0 0-0 5. d3 d5 6. Nbd2 c5 7. e4 Nc6 8. Qe2 e5 9. h3 d4 10. Ne1 Nh5 11. Kh2 Qc7 12. a4 Be6 13. Nc4 a6 14. f4 b5 15. Na3 b4 16. Nc4 Bxc4 17. dxc4 b3 18. cxb3 Na5 19. Ra3 Rab8 20. Qd1 Qb6 21. Nd3 Nxb3 22. a5 Nxa5 23. Qa4 Nb3 24. Bf3 Nxc1 25. Rxc1 exf4 26. g4 Nf6 27. e5 Ne8 28. Qxa6 Qc7 29. Ra5 Rb3 30. Ra3 Rb6 31. Qa7 Bxe5 32. Qxc7 Bxc7 33. Rc2 Bd6 34. Ra5 Rb3 35. Rd2 Nc7 36. Bd1 Rb6 37. b4 Ra6 38. Rxa6 Nxa6 39. bxc5 Nxc5 40. Nxc5 Bxc5 41. Kg2 Ra8 42. Rd3 g5 43. Kf3 Re8 44. Be2 Kg7 45. Rb3 Kf6 46. Rd3 Re7 47. Rb3 Re5 48. Rd3 Ke6 49. Rb3 Re3+ 50. Rxe3+ fxe3 51. Ke4 h6 52. Bd3 1/2-1/2

[Event "POL Region-ch U15"]
[Site "Szczyrk"]
[Date "2012.10.21"]
[Round "7.2"]
[White "Karpacz, Piotr"]
[Black "Szczecina, Kamil"]
[Result "0-1"]
[WhiteElo "1822"]
[BlackElo "1866"]
[PlyCount "90"]
[EventDate "2012.10.14"]
[EventType "swiss"]
[EventRounds "9"]
[EventCountry "POL"]
[SourceTitle "EXT 2023"]
[Source "ChessBase"]
[SourceDate "2022.10.05"]
[SourceVersion "1"]
[SourceVersionDate "2022.10.05"]
[SourceQuality "1"]

1. d4 c5 2. d5 Nf6 3. c4 b5 4. cxb5 a6 5. b6 g6 6. Nc3 d6 7. e4 Nbd7 8. Nf3 Bg7 9. Nd2 0-0 10. Nc4 Nxb6 11. Qc2 Nxc4 12. Bxc4 Bd7 13. 0-0 Qb6 14. Rb1 Rfb8 15. Bd2 Ng4 16. h3 Ne5 17. Be2 Bb5 18. f4 Nc4 19. Bxc4 Bxc4 20. Rfe1 Bd3 21. Qa4 Bxb1 22. Rxb1 c4+ 23. Kh2 Qf2 24. Qc2 g5 25. Qc1 gxf4 26. Be1 Qe3 27. Qxe3 fxe3 28. Nd1 Bd4 29. Kg3 Rb7 30. Kf3 Rab8 31. Rc1 Bxb2 32. Rxc4 Ba3 33. Ra4 Bc5 34. Nxe3 Bxe3 35. Kxe3 Rb6 36. Bc3 Ra8 37. Bd4 Rb5 38. g3 a5 39. a3 Rc8 40. Kf4 Rb2 41. h4 e5+ 42. dxe6 fxe6 43. Kg4 h5+ 44. Kh3 Rb1 45. g4 Rb3+ 0-1

[Event "POL Region-ch U15"]
[Site "Szczyrk"]
[Date "2012.10.21"]
[Round "1.2"]
[White "Szczecina, Kamil"]
[Black "Mazur, Bartlomiej"]
[Result "1/2-1/2"]
[WhiteElo "1866"]
[BlackElo "1621"]
[PlyCount "62"]
[EventDate "2012.10.14"]
[EventType "swiss"]
[EventRounds "9"]
[EventCountry "POL"]
[SourceTitle "EXT 2023"]
[Source "ChessBase"]
[SourceDate "2022.10.05"]
[SourceVersion "1"]
[SourceVersionDate "2022.10.05"]
[SourceQuality "1"]

1. e4 d6 2. d4 Nf6 3. Bd3 c6 4. c3 e5 5. Nf3 Bg4 6. Qb3 Bxf3 7. gxf3 Qc7 8. Be3 exd4 9. cxd4 Nbd7 10. Nd2 Qb6 11. Qc3 d5 12. e5 Bb4 13. Qc2 Ng8 14. a3 Bxd2+ 15. Kxd2 Ne7 16. f4 g6 17. Rab1 Nf8 18. b4 Ne6 19. Qc3 Rc8 20. Rhg1 a6 21. a4 Kd7 22. h4 h5 23. Ke2 Rhd8 24. Rb3 Ke8 25. Qb2 Qa7 26. Ra1 b6 27. a5 b5 28. Rg1 Kd7 29. Qc3 Ng7 30. Rbb1 Ngf5 31. Rh1 Rf8 1/2-1/2

[Event "POL-chT U19 2nd League"]
[Site "Borowice"]
[Date "2012.07.23"]
[Round "3"]
[White "Szczecina, Kamil"]
[Black "Terochin, Piotr"]
[Result "0-1"]
[WhiteElo "1847"]
[BlackElo "1729"]
[PlyCount "89"]
[EventDate "2012.07.21"]
[EventType "team-swiss"]
[EventRounds "11"]
[EventCountry "POL"]
[SourceTitle "EXT 2014"]
[Source "ChessBase"]
[SourceDate "2013.11.20"]
[SourceVersion "1"]
[SourceVersionDate "2013.11.20"]
[SourceQuality "1"]
[WhiteTeam "Chorzowskie Towarzystwo Szachowe U19"]
[BlackTeam "Legnica Miedz U19"]
[WhiteTeamCountry "POL"]
[BlackTeamCountry "POL"]

1. e4 c5 2. Nf3 e6 3. d3 Nc6 4. g3 d5 5. Nbd2 g6 6. Bg2 Bg7 7. 0-0 Nge7 8. Re1 0-0 9. e5 f6 10. exf6 Bxf6 11. Nb3 b6 12. Qe2 Nf5 13. c4 a5 14. a4 Ra7 15. Bf4 Ncd4 16. Nbxd4 Nxd4 17. Nxd4 Bxd4 18. Be3 dxc4 19. dxc4 Raf7 20. Rad1 Qf6 21. Bxd4 cxd4 22. Rd2 Qg5 23. Qd3 Rd8 24. f4 Qf6 25. Re5 Bb7 26. Bxb7 Rxb7 27. Qe4 Rbd7 28. Rxe6 Qf7 29. b3 d3 30. Qe5 Qf8 31. Rxb6 Qa3 32. Qe1 Re7 33. Re6 Rde8 34. Rxe7 Rxe7 35. Qd1 Qb4 36. Kg2 Qb7+ 37. Kh3 Qd7+ 38. Qg4 Qd8 39. Qg5 Qd7+ 40. Qg4 Qd8 41. Kg2 Qd4 42. Qf3 Rd7 43. Qa8+ Kg7 44. Qf3 Rd8 45. f5 0-1

[Event "Zabrze Mayor's Cup 34th"]
[Site "Zabrze"]
[Date "2011.09.27"]
[Round "7"]
[White "Mulet, Piotr"]
[Black "Szczecina, Kamil"]
[Result "1/2-1/2"]
[WhiteElo "2284"]
[BlackElo "1772"]
[PlyCount "90"]
[EventDate "2011.09.23"]
[EventType "swiss"]
[EventRounds "10"]
[EventCountry "POL"]
[SourceTitle "CBM 144 Extra"]
[Source "ChessBase"]
[SourceDate "2011.10.28"]
[SourceVersion "1"]
[SourceVersionDate "2011.10.28"]
[SourceQuality "1"]

1. c4 Nf6 2. Nf3 c5 3. g3 g6 4. Bg2 Bg7 5. 0-0 0-0 6. Nc3 Nc6 7. d3 d6 8. Rb1 h6 9. a3 a5 10. Bd2 Bd7 11. h3 Nh5 12. Nd5 e6 13. Nc3 f5 14. Nb5 Qe7 15. e3 Nf6 16. Bc3 e5 17. Nd2 Rfd8 18. Nc7 Rac8 19. Nd5 Nxd5 20. cxd5 Nb8 21. Bxa5 Rf8 22. b4 Na6 23. b5 Nc7 24. a4 f4 25. Ne4 fxe3 26. Bxc7 exf2+ 27. Rxf2 Rxc7 28. Rxf8+ Bxf8 29. a5 Bf5 30. b6 Rc8 31. Qa4 Rb8 32. a6 bxa6 33. Qxa6 Bc8 34. Qc4 Kh8 35. Kh2 Qd8 36. Qb3 Ba6 37. Bf3 Bc8 38. Bg4 Bxg4 39. hxg4 Qc8 40. Nf2 Qb7 41. Ne4 Be7 42. Qb5 Qxd5 43. b7 Qe6 44. Qc6 Qa2+ 45. Nf2 Qxb1 1/2-1/2